| 000 | 00371nam a2200121Ia 4500 | ||
|---|---|---|---|
| 008 | 210428s9999 xx 000 0 und d | ||
| 020 | _a1884989144 (hardcover) | 97818 | ||
| 082 | _a629.474 S7321 S | ||
| 245 | 0 | _aSpacecraft thermal control handbook. | |
| 260 |
_bAIAA (American Institute of Aeronautics & Ast, _a[S.l.] : _c2003 |
||
| 300 | _a641 p. ;24 cm. | ||
| 942 | _cBK | ||
| 999 |
_c559963 _d559963 |
||